[Event "Hoogovens"]
[Site "Wijk aan Zee"]
[Date "1996.??.??"]
[Round "1"]
[White "Huebner, Robert"]
[Black "Piket, Jeroen"]
[Result "1/2-1/2"]
[WhiteElo "2635"]
[BlackElo "2570"]

1.e4 c5 2.Nf3 d6 3.d4 cxd4 4.Nxd4 Nf6 5.Nc3 Nc6 6.Bg5 e6 7.Qd2 a6 8.O-O-O Bd7
9.f4 h6 10.Bh4 Rc8 11.Nf3 Qa5 12.Kb1 b5 13.Bd3 Nb4 14.a3 Nxd3 15.cxd3 Qb6
16.Rc1 b4 17.axb4 Qxb4 18.Rc2 Be7 19.Rhc1 Rb8 20.e5 dxe5 21.fxe5 Nd5 22.Nxd5 exd5
23.Qxb4 Bxb4 24.Nd4 O-O 25.Ka2 Rb7 26.Bg3 Ba5 27.Rc5 Bb6 28.Rxd5 Rfb8 29.Rc2 Ba4
30.Re2 Bd1 31.Rd2 Bxd4 32.Rxd4 Bb3+ 33.Kb1 Rc8 34.Rf2 Rb5 35.e6 fxe6 36.Bd6 Ra5
37.Ba3 Re5 38.Re4 Rxe4 39.dxe4 Rc4 40.Rf3 Bc2+ 41.Ka2 Bxe4 42.Rf2 a5 43.Bd6 Rc1
44.Kb3 Bd3 45.Ka4 Ra1+ 46.Kb3 Rc1 47.Ka4 Rc6 48.Rf8+ Kh7 49.Rd8 Rc2 50.Be5 Be4
51.Rd6 Rc5 52.Rxe6 Bxg2 53.Re7 Bc6+ 54.Ka3 Kg6 55.Rxg7+ Kh5 56.Bc3 Rd5 57.Re7 Bd7
58.Re4 a4 59.Re5+  1/2-1/2

[Event "Hoogovens"]
[Site "Wijk aan Zee"]
[Date "1996.??.??"]
[Round "1"]
[White "Leko, Peter"]
[Black "Adams, Michael"]
[Result "1/2-1/2"]
[WhiteElo "2625"]
[BlackElo "2660"]

1.e4 e5 2.Nf3 Nc6 3.Bb5 a6 4.Ba4 Nf6 5.O-O Be7 6.Re1 b5 7.Bb3 O-O 8.a4 Bb7
9.d3 d6 10.c3 Na5 11.Ba2 c5 12.Na3 Qd7 13.axb5 axb5 14.Bd2 h6 15.b4 cxb4
16.cxb4 Nc6 17.Nxb5 Nxb4 18.Bxb4 Qxb5 19.Bc4 Qxb4 20.Rb1 Qc5 21.Rxb7 Ra7
22.Rxa7 Qxa7 23.Nh4 Kh7 24.Nf5 g6 25.Ne3 Kg7 26.Qa1 Ra8 27.Qxa7  1/2-1/2

[Event "Hoogovens"]
[Site "Wijk aan Zee"]
[Date "1996.??.??"]
[Round "3"]
[White "Timman, Jan H"]
[Black "Gelfand, Boris"]
[Result "1/2-1/2"]
[WhiteElo "2620"]
[BlackElo "2700"]

1.d4 d5 2.c4 c6 3.Nf3 Nf6 4.Nc3 e6 5.Bg5 h6 6.Bxf6 Qxf6 7.Qb3 Nd7 8.e4 dxe4
9.Nxe4 Qf4 10.Bd3 e5 11.O-O Be7 12.Rfe1 exd4 13.Ng3 Nc5 14.Qa3 Qd6 15.Bf5 Ne6
16.Qxd6 Bxd6 17.Nxd4 Bxg3 18.hxg3 Ke7 19.Re4 Kf6 20.Bxe6 Bxe6 21.Nxe6 fxe6
22.Rae1 Rhe8 23.Rf4+ Ke7 24.Rfe4 Kf7 25.Rd1 Rad8 26.Red4 Ke7 27.f4 c5 28.Rxd8 Rxd8
29.Rxd8 Kxd8 30.Kf2 Ke7 31.g4  1/2-1/2

[Event "Hoogovens"]
[Site "Wijk aan Zee"]
[Date "1996.??.??"]
[Round "4"]
[White "Huebner, Robert"]
[Black "Timman, Jan H"]
[Result "1-0"]
[WhiteElo "2635"]
[BlackElo "2620"]

1.e4 c5 2.Nf3 d6 3.d4 cxd4 4.Nxd4 Nf6 5.Nc3 Nc6 6.Bg5 e6 7.Qd2 Be7 8.O-O-O O-O
9.f4 h6 10.Bh4 e5 11.Nf5 Bxf5 12.exf5 Qa5 13.Kb1 Rfe8 14.Bc4 Qb4 15.Bb3 Qxf4
16.Qxf4 exf4 17.Rhf1 Nh5 18.Bxe7 Nxe7 19.Nd5 Rad8 20.Nxf4 Nf6 21.Ba4 Nc6
22.Rfe1 Re5 23.Bxc6 Rxe1 24.Rxe1 bxc6 25.c4 Kf8 26.Kc2 d5 27.cxd5 Nxd5 28.Re4 Nxf4
29.Rxf4 Re8 30.Kd3 Re1 31.f6 g5 32.Ra4 Rd1+ 33.Kc3 Rc1+ 34.Kb3 Rf1 35.Rxa7 Rxf6
36.a4 Ke8 37.a5 Kd8 38.a6 Kc8 39.Kc4 Kb8 40.Rb7+ Ka8 41.Kc5 Rf2 42.b4 Rc2+
43.Kb6 Rc4 44.Ka5 Re4 45.Rxf7 Re5+ 46.Ka4 Re1 47.Rf6 Ra1+ 48.Kb3 Rb1+ 49.Ka3 c5
50.bxc5 Ra1+ 51.Kb4 Ra2 52.c6  1-0

[Event "Hoogovens"]
[Site "Wijk aan Zee"]
[Date "1996.??.??"]
[Round "4"]
[White "Sokolov, Ivan"]
[Black "Topalov, Veselin"]
[Result "1-0"]
[WhiteElo "2665"]
[BlackElo "2700"]

1.d4 Nf6 2.c4 e6 3.Nc3 c5 4.d5 exd5 5.cxd5 d6 6.e4 g6 7.f4 Bg7 8.Bb5+ Nbd7
9.e5 dxe5 10.fxe5 Nh5 11.e6 Qh4+ 12.g3 Nxg3 13.hxg3 Qxh1 14.Be3 Bxc3+ 15.bxc3 a6
16.exd7+ Bxd7 17.Bxd7+ Kxd7 18.Qb3 b5 19.O-O-O Rhe8 20.Bxc5 Rac8 21.Bd4 Qg2
22.Qa3 Qxg3 23.Qxa6 Rxc3+ 24.Kb2 Rcc8 25.Qxb5+ Kd6 26.Ka1 Qa3 27.Bb2 Qc5
28.Qa6+ Kd7 29.Qa4+  1-0

[Event "Hoogovens"]
[Site "Wijk aan Zee"]
[Date "1996.??.??"]
[Round "4"]
[White "Gelfand, Boris"]
[Black "Van Wely, Loek"]
[Result "1/2-1/2"]
[WhiteElo "2700"]
[BlackElo "2570"]

1.c4 g6 2.d4 Nf6 3.Nc3 Bg7 4.e4 d6 5.Be2 O-O 6.Nf3 e5 7.Be3 exd4 8.Nxd4 Re8
9.f3 c6 10.Bf2 d5 11.exd5 cxd5 12.O-O Nc6 13.c5 Nh5 14.Qd2 Be5 15.g3 Ng7
16.Rfd1 Be6 17.f4 Bxd4 18.Bxd4 Nf5 19.Bf2 d4 20.Nb5 Qe7 21.Bd3 a6 22.Bxf5 axb5
23.Be4 Qxc5 24.Bxd4 Nxd4 25.Qxd4 Qxd4+ 26.Rxd4 Rxa2 27.Rxa2 Bxa2 28.Bxb7 Bc4
29.Bf3 h5 30.Kf2 Kg7 31.Rd6 Re7 32.Bd1 Re4 33.Bf3 Re7 34.h4 Re8 35.Bd1 Re4
36.Bf3 Re8 37.f5 gxf5 38.Bxh5 f4 39.Bf3 fxg3+ 40.Kxg3 Re3 41.Kf4 Rb3 42.Rd2 Be6
43.Rh2  1/2-1/2

[Event "Hoogovens"]
[Site "Wijk aan Zee"]
[Date "1996.??.??"]
[Round "5"]
[White "Timman, Jan H"]
[Black "Tiviakov, Sergei"]
[Result "0-1"]
[WhiteElo "2620"]
[BlackElo "2625"]

1.d4 Nf6 2.c4 e6 3.Nf3 b6 4.a3 Ba6 5.Qc2 Bb7 6.Nc3 c5 7.e4 cxd4 8.Nxd4 Nc6
9.Nxc6 Bxc6 10.Bf4 Bc5 11.Be2 O-O 12.O-O-O Ne8 13.Bg3 e5 14.Kb1 Qe7 15.Rhe1 Bd4
16.Nd5 Bxd5 17.exd5 Qf6 18.Bd3 g6 19.Re4 Nd6 20.Bh4 g5 21.Rxd4 exd4 22.Bxh7+ Kg7
23.Bg3 Nxc4 24.Bd3 Ne5 25.Ba6 d3 26.Qc3 Rfe8 27.Qd4 b5 28.Bxb5 Rab8 29.Bxd3 d6
30.Bf1 Rb6 31.Ka2 Rc8 32.Bxe5 dxe5 33.Qd2 e4 34.b3 Qc3 35.Qxg5+ Kf8 36.Rb1 Qd4
37.Bc4 Rxc4 38.Qd8+ Kg7 39.Qg5+ Rg6  0-1

[Event "Hoogovens"]
[Site "Wijk aan Zee"]
[Date "1996.??.??"]
[Round "5"]
[White "Anand, Viswanathan"]
[Black "Sokolov, Ivan"]
[Result "0-1"]
[WhiteElo "2725"]
[BlackElo "2665"]

1.e4 e5 2.Nf3 Nc6 3.Bb5 a6 4.Ba4 Nf6 5.O-O Be7 6.Re1 b5 7.Bb3 O-O 8.a4 b4
9.d3 d6 10.a5 Bg4 11.Be3 d5 12.Nbd2 h6 13.h3 d4 14.hxg4 dxe3 15.fxe3 Nxg4
16.Bd5 Qd7 17.Nc4 Bf6 18.Nfd2 h5 19.Rf1 Rad8 20.Rf5 g6 21.Qxg4 hxg4 22.Rxf6 Ne7
23.Bxf7+ Kg7 24.Raf1 Qb5 25.g3 Rd7 26.R1f2 Qc5 27.Nb3 Qa7 28.Nxe5 Qxe3 29.Nxd7 Rh8
30.Kg2 Rh3 31.Bxg6 Nxg6 32.Kf1 Rh1+ 33.Kg2 Rd1 34.Rxg6+ Kxg6 35.Ne5+ Kg7
36.Nxg4 Qe1 37.Kf3 Qh1+ 38.Kf4 Rf1 39.Ke3 Qg1 40.Kf3 Rxf2+ 41.Nxf2 Qb1 42.Nd4 Qxb2
43.Nf5+ Kf7 44.Ne3 Qa2 45.e5 Qxa5 46.d4 Qa1 47.Ke4 a5 48.d5 a4  0-1

[Event "Hoogovens"]
[Site "Wijk aan Zee"]
[Date "1996.??.??"]
[Round "7"]
[White "Shirov, Alexei"]
[Black "Sokolov, Ivan"]
[Result "1/2-1/2"]
[WhiteElo "2690"]
[BlackElo "2665"]

1.e4 e5 2.Nf3 Nc6 3.Bb5 a6 4.Ba4 Nf6 5.O-O Be7 6.Re1 b5 7.Bb3 O-O 8.h3 Bb7
9.d3 d6 10.a3 Qd7 11.Nc3 Rae8 12.Ne2 d5 13.exd5 Nxd5 14.Ng3 Nd4 15.Nxd4 exd4
16.Bd2 c5 17.a4 Bh4 18.axb5 axb5 19.Qg4 Qxg4 20.hxg4 Bxg3 21.fxg3 Rxe1+ 22.Rxe1 h6
23.Re5  1/2-1/2

[Event "Hoogovens"]
[Site "Wijk aan Zee"]
[Date "1996.??.??"]
[Round "7"]
[White "Leko, Peter"]
[Black "Timman, Jan H"]
[Result "1/2-1/2"]
[WhiteElo "2625"]
[BlackElo "2620"]

1.e4 Nf6 2.e5 Nd5 3.d4 d6 4.Nf3 g6 5.Bc4 Nb6 6.Bb3 Bg7 7.Qe2 O-O 8.h3 a5
9.a4 Nc6 10.O-O dxe5 11.dxe5 Nd4 12.Nxd4 Qxd4 13.Re1 Bd7 14.Nc3 Bc6 15.Nb5 Bxb5
16.Qxb5 c6 17.Qe2 Nd5 18.c3 Qb6 19.Bc4 Rad8 20.Bg5 h6 21.Bc1 e6 22.h4 Rd7
23.g3 Rfd8 24.Kg2 Qc5 25.Bb3 Qb6 26.Bc4 Qc5 27.Bb3 Qb6 28.Qc4 Ne7 29.Be3 Qc7
30.Qe2 Nf5 31.Bf4 Qb6 32.Bc4 Qc5 33.Rab1 Bf8 34.Bb3  1/2-1/2

[Event "Hoogovens"]
[Site "Wijk aan Zee"]
[Date "1996.??.??"]
[Round "8"]
[White "Huebner, Robert"]
[Black "Anand, Viswanathan"]
[Result "1/2-1/2"]
[WhiteElo "2635"]
[BlackElo "2725"]

1.e4 c5 2.Nf3 d6 3.d4 cxd4 4.Nxd4 Nf6 5.Nc3 a6 6.Be2 e5 7.Nb3 Be7 8.O-O O-O
9.a4 Be6 10.Be3 Nc6 11.Qd2 d5 12.exd5 Nxd5 13.Nxd5 Bxd5 14.Rfd1 Bxb3 15.cxb3 Qxd2
16.Rxd2 Rfd8 17.Rad1 Rxd2 18.Rxd2 Rd8 19.Rxd8+ Bxd8 20.Bg4 b6 21.Bf3 Nd4
22.Bxd4  1/2-1/2

[Event "Hoogovens"]
[Site "Wijk aan Zee"]
[Date "1996.??.??"]
[Round "8"]
[White "Sokolov, Ivan"]
[Black "Adams, Michael"]
[Result "0-1"]
[WhiteElo "2665"]
[BlackElo "2660"]

1.d4 e6 2.c4 Bb4+ 3.Bd2 a5 4.Nc3 Nf6 5.e4 d6 6.Bd3 c5 7.d5 Bxc3 8.Bxc3 exd5
9.exd5 O-O 10.Ne2 Nbd7 11.O-O Re8 12.Ng3 Ne5 13.Bc2 Nxc4 14.Bxf6 Qxf6 15.Qd3 Qh4
16.f4 b5 17.a4 Bd7 18.axb5 Ne3 19.Rfe1 Nxc2 20.Qxc2 Qxf4 21.Re4 Rxe4 22.Qxe4 Qd2
23.Qe7 Be8 24.Qb7 Rd8 25.b6 Rd7 26.Qb8 Re7 27.Rf1 Qd4+ 28.Kh1 Qxd5 29.Qd8 Kf8
30.Nf5 Re2 31.Qg5 Qe5 32.b4 h6 33.Qh4 Re4 34.Qf2 Rxb4 35.Re1 Re4 36.Rf1 Re2
37.Qf3 Rb2 38.Nh4 Kg8 39.b7 d5 40.Qd1 Rxb7 41.Re1 Qb8 42.Nf5 Bd7  0-1

[Event "Hoogovens"]
[Site "Wijk aan Zee"]
[Date "1996.??.??"]
[Round "8"]
[White "Gelfand, Boris"]
[Black "Ivanchuk, Vassily"]
[Result "1/2-1/2"]
[WhiteElo "2700"]
[BlackElo "2735"]

1.Nf3 f5 2.g3 Nf6 3.Bg2 d6 4.d4 g6 5.O-O Bg7 6.c4 O-O 7.Nc3 Na6 8.b3 c6 9.Bb2 Qe8
10.d5 Bd7 11.Rb1 Rc8 12.e4 Nxe4 13.Nxe4 fxe4 14.Ng5 Bxb2 15.Rxb2 Rf5 16.Nxe4 cxd5
17.cxd5 Nc5 18.Re1 Nxe4 19.Rxe4 Rc5 20.Rc4 Rxc4 21.bxc4 b6 22.Re2 Rf7 23.Qd4 Qf8
24.f4 Qg7 25.Qxg7+ Kxg7 26.Re3 Bc8 27.h4  1/2-1/2

[Event "Hoogovens"]
[Site "Wijk aan Zee"]
[Date "1996.??.??"]
[Round "9"]
[White "Adams, Michael"]
[Black "Piket, Jeroen"]
[Result "1/2-1/2"]
[WhiteElo "2660"]
[BlackElo "2570"]

1.d4 d5 2.Bg5 h6 3.Bh4 c6 4.e3 Qb6 5.Qc1 Bf5 6.Nf3 e6 7.Be2 Nd7 8.Nbd2 Be7
9.Bxe7 Nxe7 10.c4 O-O 11.O-O a5 12.b3 Rfc8 13.Qa3 Qd8 14.Rfc1 Bg6 15.Qb2 c5
16.cxd5 Nxd5 17.dxc5 Rxc5 18.Rxc5 Nxc5 19.Qd4 Qf6 20.Rc1  1/2-1/2

[Event "Hoogovens"]
[Site "Wijk aan Zee"]
[Date "1996.??.??"]
[Round "9"]
[White "Anand, Viswanathan"]
[Black "Timman, Jan H"]
[Result "1/2-1/2"]
[WhiteElo "2725"]
[BlackElo "2620"]

1.e4 e5 2.Nf3 Nc6 3.Bb5 a6 4.Ba4 d6 5.Bxc6+ bxc6 6.d4 exd4 7.Qxd4 Nf6 8.O-O Be7
9.Nc3 O-O 10.Bg5 h6 11.Bh4 c5 12.Qd3 Bb7 13.e5 dxe5 14.Nxe5 Qd4 15.Bg3 Bd6
16.Rfe1 Rae8 17.Nc4 Bxg3 18.hxg3 Ng4 19.Qxd4 cxd4 20.Na4 Be4 21.Na3 Bg6 22.Nc5 a5
23.b3 Ne5 24.Red1 Rd8 25.Rd2  1/2-1/2

[Event "Hoogovens"]
[Site "Wijk aan Zee"]
[Date "1996.??.??"]
[Round "12"]
[White "Leko, Peter"]
[Black "Ivanchuk, Vassily"]
[Result "1/2-1/2"]
[WhiteElo "2625"]
[BlackElo "2735"]

1.e4 c5 2.Nf3 e6 3.d4 cxd4 4.Nxd4 Nf6 5.Nc3 d6 6.g4 h6 7.h3 a6 8.Bg2 g5 9.Qe2 Nbd7
10.Nb3 Ne5 11.f4 gxf4 12.Bxf4 Nfd7 13.O-O-O b5 14.Qf2 Bb7 15.Kb1 Rc8 16.Ne2 h5
17.gxh5 Rxh5 18.h4 Be7 19.Ng3 Rxh4 20.Nh5 Rxh1 21.Bxh1 Ng6 22.Ng7+ Kf8 23.Bh6 Kg8
24.Nf5 Nde5 25.Nxe7+ Qxe7 26.Rg1 f6 27.Nd4 Kf7 28.Bg5 Rh8 29.Rf1 Nd7  1/2-1/2

[Event "Hoogovens"]
[Site "Wijk aan Zee"]
[Date "1996.??.??"]
[Round "12"]
[White "Van Wely, Loek"]
[Black "Shirov, Alexei"]
[Result "1-0"]
[WhiteElo "2570"]
[BlackElo "2690"]

1.d4 Nf6 2.c4 g6 3.Nc3 d5 4.Nf3 Bg7 5.Bf4 O-O 6.Rc1 c5 7.dxc5 Be6 8.Nd4 Nc6
9.Nxe6 fxe6 10.e3 Qa5 11.Qa4 Qxc5 12.Be2 d4 13.exd4 Nxd4 14.Be3 Rad8 15.O-O Qe5
16.Bxd4 Rxd4 17.Rce1 Rd2 18.Bf3 Qd4 19.Rd1 Bh6 20.Rxd2 Bxd2 21.Rd1 Qe5 22.Nb1 Ba5
23.b4 Bc7 24.g3 a5 25.a3 axb4 26.axb4 h5 27.Qc2 Kg7 28.Nc3 h4 29.Nb5 hxg3
30.hxg3 Bb8 31.Qd2 Ne4 32.Bxe4 Qxe4 33.Qd4+ Qxd4 34.Rxd4 Rc8 35.c5 b6 36.Rc4 bxc5
37.bxc5 Kf6 38.c6 Bd6 39.Kg2 Ke5 40.c7 Kd5 41.Rc2 e5 42.Kf3 e4+ 43.Kg4 Ke6
44.Kg5 e3 45.Re2 Bxc7 46.Rxe3+ Kd7 47.Rd3+ Bd6 48.Kxg6 Ke6 49.Nxd6 exd6 50.g4 Ke5
51.g5 d5 52.Kh7 Rc7+ 53.Kh6 Rc2 54.Rf3 Ke4 55.Rf8 Rc1 56.g6 Rh1+ 57.Kg5 Rg1+
58.Kf6 Rf1 59.Re8+ Kd4 60.Re2 Kd3 61.Ra2  1-0

[Event "Hoogovens"]
[Site "Wijk aan Zee"]
[Date "1996.??.??"]
[Round "13"]
[White "Ivanchuk, Vassily"]
[Black "Topalov, Veselin"]
[Result "1-0"]
[WhiteElo "2735"]
[BlackElo "2700"]

1.g3 e5 2.c4 Nc6 3.Bg2 g6 4.Nc3 Bg7 5.Nf3 f5 6.O-O d6 7.Rb1 a5 8.a3 Nf6 9.d3 O-O
10.b4 axb4 11.axb4 h6 12.b5 Ne7 13.Bb2 Be6 14.Ra1 Rc8 15.c5 Nd7 16.cxd6 cxd6
17.Na4 d5 18.Nd2 Qe8 19.e3 g5 20.Qe2 Qf7 21.f4 Ng6 22.fxe5 Ndxe5 23.Nf3 Nxf3+
24.Bxf3 Bxb2 25.Qxb2 f4 26.Bg2 Qe7 27.Nb6 Rcd8 28.Qd4 Qd6 29.exf4 gxf4 30.Rae1 Kh7
31.Kh1 Bg8 32.Rf3 fxg3 33.Rxg3 Rf4 34.Qe3 Rdf8 35.Rg1 d4 36.Qd2 Ne5 37.Be4+ Rxe4
38.dxe4 Nf3 39.Rxf3 Rxf3 40.Qg2  1-0

[Event "Hoogovens"]
[Site "Wijk aan Zee"]
[Date "1996.??.??"]
[Round "13"]
[White "Piket, Jeroen"]
[Black "Gelfand, Boris"]
[Result "1/2-1/2"]
[WhiteElo "2570"]
[BlackElo "2700"]

1.d4 d5 2.c4 c6 3.Nf3 Nf6 4.Nc3 dxc4 5.a4 Bf5 6.Ne5 e6 7.f3 c5 8.e4 cxd4
9.Bxc4 Bg6 10.Bb5+ Nfd7 11.Qxd4 a6 12.Bxd7+ Nxd7 13.Qxd7+ Qxd7 14.Nxd7 Kxd7
15.Ke2 Bb4 16.Rd1+ Ke7 17.Bf4 Rhc8 18.Rac1  1/2-1/2